| 000 | 00000nam##2200000za#4500 |
| 001 | 9.642926 |
| 003 | CaOODSP |
| 005 | 20210624223932 |
| 007 | cr ||||||||||| |
| 008 | 150407|2009||||xxc|||||o f|0| 0 fre|d |
| 040 | |aCaOODSP|bfre |
| 043 | |an-cn--- |
| 086 | 1 |aEn14-119/2009F-PDF |
| 110 | 1 |aCanada. |bEnvironnement Canada. |
| 245 | 10|aStratégie révisée de gestion du risque pour les polybromodiphényléthers (PBDE) |h[ressource électronique] |
| 260 | |aOttawa - Ontario : |bEnvironnement Canada |c[2009]. |
| 300 | |a3p. |
| 500 | |a« Période de commentaires du public du 28 mars 2009 au 27 mai 2009 »--Couverture. |
| 590 | |a14-08-Supp|b2014-04-10 |
| 691 | 07|aPolluant|2gcpds |
| 691 | 07|aProtection de l'environnement|2gcpds |
| 775 | 08|tRevised risk management strategy for polybrominated diphenyl ethers (PBDEs) |w(CaOODSP)9.698884 |
| 856 | 40|ahttp://publications.gc.ca|qPDF|s131 Ko|uhttps://publications.gc.ca/collections/collection_2014/ec/En14-119-2009-fra.pdf |